<?xml version="1.0" encoding="UTF-8"?>
<record
    xmlns:xsi="http://www.w3.org/2001/XMLSchema-instance"
    xsi:schemaLocation="http://www.loc.gov/MARC21/slim http://www.loc.gov/standards/marcxml/schema/MARC21slim.xsd"
    xmlns="http://www.loc.gov/MARC21/slim">

  <leader>01171nam a22003131  4500</leader>
  <controlfield tag="001"> 001008756</controlfield>
  <controlfield tag="003">DO-SdBPM</controlfield>
  <controlfield tag="005">20260210093950.0</controlfield>
  <controlfield tag="007">ta</controlfield>
  <controlfield tag="008">920725s1997  sp       spa  </controlfield>
  <datafield tag="020" ind1=" " ind2=" ">
    <subfield code="a">9580440840</subfield>
  </datafield>
  <datafield tag="035" ind1=" " ind2=" ">
    <subfield code="a"> </subfield>
  </datafield>
  <datafield tag="040" ind1=" " ind2=" ">
    <subfield code="a">DO-SdBPM</subfield>
    <subfield code="b">spa</subfield>
    <subfield code="c">BPMSU</subfield>
    <subfield code="e">rda</subfield>
  </datafield>
  <datafield tag="082" ind1=" " ind2="4">
    <subfield code="a">658.001</subfield>
    <subfield code="b">B639a 1997</subfield>
    <subfield code="2">22</subfield>
  </datafield>
  <datafield tag="100" ind1="1" ind2=" ">
    <subfield code="a">Blanchard, Kenneth </subfield>
    <subfield code="e">autor </subfield>
    <subfield code="4">aut.</subfield>
  </datafield>
  <datafield tag="245" ind1="1" ind2="0">
    <subfield code="a">Administraci&#xF3;n por valores : </subfield>
    <subfield code="b">c&#xF3;mo lograr el &#xE9;xito de la organizaci&#xF3;n y personal mediante el compromiso con una misi&#xF3;n y unos valores compartidos / </subfield>
    <subfield code="c">Ken Blanchard, Michael O'Connor ; traducci&#xF3;n Jorge C&#xE1;rdenas Nannetti. </subfield>
    <subfield code="h"> </subfield>
  </datafield>
  <datafield tag="250" ind1=" " ind2=" ">
    <subfield code="a"> </subfield>
  </datafield>
  <datafield tag="264" ind1=" " ind2=" ">
    <subfield code="a">M&#xE9;xico :</subfield>
    <subfield code="b">Grupo editorial norma,</subfield>
    <subfield code="c">1997</subfield>
  </datafield>
  <datafield tag="300" ind1=" " ind2=" ">
    <subfield code="a">150 p&#xE1;ginas  : </subfield>
    <subfield code="b">ilustraciones ; </subfield>
    <subfield code="c">24 cm.</subfield>
  </datafield>
  <datafield tag="534" ind1=" " ind2=" ">
    <subfield code="p">T&#xED;tulo original. : </subfield>
    <subfield code="t">Managing by values. </subfield>
  </datafield>
  <datafield tag="590" ind1=" " ind2=" ">
    <subfield code="a">Inventariado, 2026/VM</subfield>
  </datafield>
  <datafield tag="650" ind1=" " ind2="7">
    <subfield code="a">Administraci&#xF3;n de empresas</subfield>
    <subfield code="v">Teor&#xED;as.  </subfield>
    <subfield code="2"> </subfield>
  </datafield>
  <datafield tag="650" ind1=" " ind2="7">
    <subfield code="a">Cambio organizacional. </subfield>
  </datafield>
  <datafield tag="650" ind1=" " ind2="7">
    <subfield code="a">Perfecionamiento ocupacional</subfield>
  </datafield>
  <datafield tag="700" ind1="1" ind2=" ">
    <subfield code="a">C&#xE1;rdenas Nannetti, Jorge,  </subfield>
    <subfield code="d">1906-2008.  </subfield>
    <subfield code="e"> traductor </subfield>
  </datafield>
  <datafield tag="700" ind1="1" ind2=" ">
    <subfield code="a">O'Connor, Michael. </subfield>
    <subfield code="e"> </subfield>
  </datafield>
  <datafield tag="910" ind1=" " ind2=" ">
    <subfield code="a">VMateo V. Control de calidad. BPMSU </subfield>
  </datafield>
  <datafield tag="942" ind1=" " ind2=" ">
    <subfield code="2">ddc</subfield>
    <subfield code="c">BK</subfield>
  </datafield>
  <datafield tag="952" ind1=" " ind2=" ">
    <subfield code="0">0</subfield>
    <subfield code="1">0</subfield>
    <subfield code="2">ddc</subfield>
    <subfield code="7">0</subfield>
    <subfield code="8">CG</subfield>
    <subfield code="a">BPMET</subfield>
    <subfield code="b">BPMET</subfield>
    <subfield code="d">2026-02-10</subfield>
    <subfield code="l">0</subfield>
    <subfield code="o">BPMSU CG 658.001 B639a 1997</subfield>
    <subfield code="p">BPMSU26020055</subfield>
    <subfield code="r">2026-02-10</subfield>
    <subfield code="w">2026-02-10</subfield>
    <subfield code="y">BK</subfield>
  </datafield>
  <datafield tag="999" ind1=" " ind2=" ">
    <subfield code="c">15676</subfield>
    <subfield code="d">15676</subfield>
  </datafield>
</record>
